00338cam a22001097a 4500008004000000082001400040100002400054245008600078260003200164300001000196650002200206180718b1955 xxu||||| |||| 00| 0 eng d aPx43 H614 aHirlekar, Yamunabai aEducation in Germany: personal impressions and experiencescby Yamunabai Hirlekar aBombaybR.K. Hirlekarc1955 a152p. aEducation-Germany